000 01427cam a2200397 i 4500
001 12506641
003 EG-ScBUE
005 20241208095850.0
007 ta
008 010817t2002 nyua f b 001 0 eng d
020 _a0387953531 (alk. paper)
020 _a9780387953533
040 _aDLC
_beng
_erda
_cDLC
_dDLC
_dEG-Sc BUE
082 0 4 _a519.538
_222
_bGUC
100 1 _aGu, Chong,
_eauthor.
_96937
245 1 0 _aSmoothing spline ANOVA models /
_cChong Gu.
264 1 _aNew York :
_bSpringer,
_c[2002]
264 4 _cc2002
300 _axiii, 289 pages :
_billustrations ;
_c24 cm.
336 _2rdacontent
_atext
_btxt
337 _aunmediated
_2rdamedia
_bn
338 _avolume
_bnc
_2rdacarrier
490 0 _aSpringer series in statistics
504 _aIncludes bibliographical references and index.
590 _aDoha
650 7 _aAnalysis of variance.
_96939
_2BUEsh
650 7 _aSpline theory.
_96940
_2BUEsh
650 7 _aSmoothing (Statistics)
_96941
_2BUEsh
651 _2BUEsh
653 _cOctober2011
_cAugust2015
655 _vReading book
856 4 1 _3Table of contents
_uhttp://www.loc.gov/catdir/toc/fy022/2001053052.html
856 4 2 _3Publisher description
_uhttp://www.loc.gov/catdir/enhancements/fy0817/2001053052-d.html
942 _2ddc
_cBB
999 _c12035
_d12035